Law and Scripture
| Titel: | Law and Scripture : manuscripts of the Czech reformation on the 14th - 16th centuries ; [exhibition catalogue] / National Library of the Czech Republic. Renáta Modráková and Zdeněk Uhlíř |
|---|---|
| Beteiligt: | ; |
| Körperschaft: | |
| Ausgabe: | 1st ed. |
| Veröffentlicht: | Prague, 2009 |
| Umfang: | 81 S. : zahlr. Ill. |
| Format: | Buch |
| Sprache: | Tschechisch |
| RVK-Notation: |
·
|
| ISBN: | 9788070505687 |
| Hinweise zum Inhalt: |
Inhaltsverzeichnis
|
alg: 21466838 001A $03004:11-08-09 001B $06055:01-03-26 $t18:40:49.000 001C $06060:08-07-15 $t00:57:56.000 001D $03004:18-08-09 001U $0utf8 001X $00 002@ $0Aau 003@ $021466838X 003O $0610093897 $aOCoLC 004A $A978-80-7050-568-7 007A $021466838X $aHEB 007G $0DE020F906D572F7B49A36C1257934003CF062 007T $0Herdhh21466838X 009P $qapplication/pdf $A2 $3Inhaltsverzeichnis $uhttp://scans.hebis.de/HEBCGI/show.pl?21466838_toc.pdf $mV:DE-603;B:DE-Mb50 010@ $acze 011@ $a2009 013D $RKatalog $#Exhibition catalogs $#Expositions $#Cataloghi di esposizioni $#Ausstellungskatalog $D20251120 $Ecgmnf $74135467-9 $8Ausstellungskatalog [Tsz] $9085499846 013H $0c 021A $aLaw and Scripture $dmanuscripts of the Czech reformation on the 14th - 16th centuries ; [exhibition catalogue] $hNational Library of the Czech Republic. Renáta Modráková and Zdeněk Uhlíř 028C $D20220215 $Ecgwrk $71125954906 $8Modráková, Renáta$Z1978- [Tp3] $9399834141 028C/01 $71073187470 $8Uhlíř, Zdeněk$Z1956- [Tp1] $9361068255 029F $RNárodní knihovna $#Národní knihovna ČR $#NK ČR $#National Library of the Czech Republic $#NL CZ $#National Library of the CR $#NL of the CR $#Nacionalʹna Biblioteka Českʹkoï Respubliky $#Biblioteca Nacional de la República Checa $#Biblioteca Nacional de la RCh $#Bibliothèque nationale de la République Tchèque $#Nationalbibliothek der Tschechischen Republik $#Nationalbibliothek Prag $#National Library of Prague $75245820-9 $8Národní knihovna České republiky [Tb1] $9053355121 032@ $a1st ed. 033A $pPrague 034D $a81 S. 034M $azahlr. Ill. 044K $RNárodní knihovna České republiky $#Národní Knihovna České Republiky, Galerie Klementinum $#Klementinum Gallery $D20251120 $Ecgmnf $710146900-7 $8Galerie Klementinum [Tb1] $9181073048 044K $RGeschichtsphilosophie $RVergangenheit $#History $#Histoire $#Storia $#history $#History $#Geschichte $#Landesgeschichte $#Regionalgeschichte $#Ortsgeschichte $#Zeitgeschichte $D20251120 $Ecgmnf $74020517-4 $8Geschichte [Tsz] $9085049352 044K $RGeisteswissenschaften $RKulturwissenschaftler $#Culture Study and teaching $#Cultural studies $#Kulturwissenschaft $#Kulturwissenschaft $#Kulturwissenschaften $#Kulturwissenschaft $#Cultural studies $D20251120 $Ecgmnf $74033597-5 $8Kulturwissenschaften [Ts1] $9085089753 044K $RReformator $RReformatorin $#Reformation $#Réforme protestante $#Reforma $#Reformation $D20251120 $Ecgmnf $74048946-2 $8Reformation [Ts1] $9085136344 044K $RBuchwissenschaftler $#Bibliologie $#Buchkunde $#Buchforschung $D20251120 $Ecgmnf $74146819-3 $8Buchwissenschaft [Ts1] $9085590282 044K $RSchriftdenkmal $RManuskript $RAutograf $#Manuscripts $#Manuscrits $#Manoscritti $#Manuscritos $#Buchhandschrift $#Handschriften $D20251120 $Ecgmnf $74023287-6 $8Handschrift [Ts1] $9085057509 044K $RProtektorat Böhmen und Mähren $RBöhmische Länder $RTschechoslowakei $#Böhmen $#Čech $#Königreich Böhmen $#České Království $#Království České $#Kronland Böhmen $#Čechy $#Ceské Království $#Království Ceské $D20251120 $Ecgmnf $74007467-5 $8Böhmen [Tg1] $9085012173 044K $#Prag $#Hlavni Město Praha $#Hauptstadt Prag $#Kraj Praha $#Bezirk Prag $#Praha $#Prague $#Praga $#Praag $#Boiemorum Casurgis $#Bojemorum Casurgis $#Casurgis $#Regia Boiemorum Casurgis $#Regia Bojemorum Casurgis $D20251120 $Ecgmnf $74076310-9 $8Prag [Tg1] $9085216283 044K $RTschechien $#Böhmische Kronländer $#Länder der Böhmischen Krone $#Sudetenland $#Böhmen $#Mähren $#Mährisch-Schlesien $#Österreichisch-Schlesien $#Tschechische Sozialistische Republik Böhmische Länder $#Tschechei Böhmische Länder $#Země koruny české $D20251120 $Ecgmnf $74069573-6 $8Böhmische Länder [Tg1] $9085195553 044K $RRezeption $#Hussites $#Hussites $#Husitas $#Hussit $#Hussitismus $#Husiten $D20251120 $Ecgmnf $74137460-5 $8Hussiten [Ts1] $908551540X 044K $RHussiten $D20251120 $Ecgmnf $74756291-2 $8Utraquisten [Ts1] $9115226184 044K $#Bohemian Brethren $#Frères moraves $#Böhmisch-Mährische Brüder $#Brüderunität $#Frères Moraves $#Kirche der Böhmischen Brüder $#Mährische Brüder $#Bratrská Jednota $#Jednota Bratrská $#Českobratrská Jednota $#Unitas Fratrum $D20251120 $Ecgmnf $74007473-0 $8Böhmische Brüder [Ts1] $9085012203 044K $RSchriftdenkmal $#Schriftwerk $#Schriftwerke $D20251120 $Ecgmnf $74255550-4 $8Schrifttum [Ts1] $9086355872 045F $a020.94371 $eDDC23BSB 045F/01 $a020 045F/03 $g4371 045G $a002.094371 $eDDC23BSB 045G/01 $a002.09 045G/03 $g4371 045H $a200.943710902 $eDDC23BSB 045H/01 $a200.9 045H/03 $f0902 045H/03 $g4371 045I $a306.0943710902 $eDDC23BSB 045I/01 $a306.09 045I/03 $f0902 045I/03 $f09031 045I/03 $f09032 045I/03 $g4371 045Z $D20251120 $Ecgmnf $8NM 9600 [Tkv] $9410894664 045Z $D20251120 $Ecgmnf $8AM 71600 [Tkv] $9407203060 046L $aAus dem Tschech. übers. lok: 21466838 24 101B $018-08-09 $t14:01:32.000 101C $018-08-09 101U $0utf8 145Z/01 $a23 4 C 145Z/02 $a23 8 P 511 145Z/03 $a23 15 H 145Z/04 $a23 11 D 145Z/05 $a23 11 C 145Z/06 $a23 11 G 145Z/07 $a23 15 N 145Z/08 $a23 15 O exp: 21466838 24 1 #EPN 201B/01 $018-08-09 $t14:01:32.000 201C/01 $011-08-09 201U/01 $0utf8 203@/01 $0580459446 208@/01 $a18-08-09 $bz 209A/01 $a09.5049 $du $f050 $h09 5049 $x00 209C/01 $a09.5049 T $h09 5049 T 209G/01 $a71784509 $x00 220C/01 $akon 247C/01 $8358050-7Marburg, Bibliothek des Herder-Instituts Marburg $9102600961 lok: 21466838 78 exp: 21466838 78 1 #EPN 201B/01 $026-11-17 $t00:24:06.000 201U/01 $0utf8 203@/01 $0793021693 208@/01 $a12-11-16 $be 209A/01 $a/ $f000 $x00 220C/01 $aTitelaufnehmer: ej 237A/01 $aweiterführende Signatur(en): 09.5049 244Z/01 $#Tschechien $#Tschechische Republik $#Tschechien $#Tschechische Republik $#Tschechenland $#Tschechei Tschechien $#Česká Republika $#Czech Republic $#ČR $74303381-7 $8--Tg1--Tschechien $x01 $9086659812 244Z/01 $2Trx $#Böhmen $#Bohemia $#Czechy $8--Trx--Čechy $x02 $9391188941 244Z/01 $aGeschichte 11300-1599 $x03 244Z/01 $2Trx $#näitused, ajaloolised $#parodos, istorijos $#exhibitions, historical $#történelmi kiállitások $#wystawy historyczne $#výstavy, historické $#výstavy historické $8--Trx--Ausstellungen, historische $x04 $9391383426 244Z/01 $2Trx $#reformatsioon 1517-1555 $#reformacija 1517-1555 $#reformation 1517-1555 $#reformáció 1517-1555 $#reformacja 1517-1555 $#reformácia 1517-1555 $#reformace 1517-1555 $8--Trx--Reformation$g1517-1555 $x05 $9391360809 244Z/01 $2Trx $#dzieło zbiorowe $8--Trx--Sammelwerk $x06 $9391384597 244Z/01 $aGeschichte 1300-1500 $x07 244Z/01 $2Trx $#käsikirjad $#rankraščiai $#Manuscripts $#kéziratok $#rękopisy $#rukopisy $#rukopisy $8--Trx--Handschriften $x08 $9391380524 244Z/01 $2Trx $#hussiidid $#husitų judėjimas $#Hussites $#huszitizmus $#husytyzm $#husitstvo $#husitství $#Utraquisten $#utrakwiści $#utrakvisti $#utrakvisté $8--Trx--Hussitentum $x09 $9391383779 244Z/01 $2Trx $#kataloogid näitused $#parodų katalogai $#Catalogs exhibitions $#katalógusok kiállítások $#katalogi wystaw $#katalógy výstavy $#katalogy výstavy $#Ausstellungskataloge $#Catalogues $8--Trx--Kataloge$gAusstellungen $x10 $9391371703 245Z/01 $a10.02.02.02;06.02 $x01 247C/01 $82080>Marburg/Lahn, Herder-Institut, Forschungsbibliothek, Bibliographieportal $9336309341
| LEADER | 00000cam a2200000 c 4500 | ||
|---|---|---|---|
| 001 | 21466838X | ||
| 003 | DE-603 | ||
| 005 | 20260301184049.0 | ||
| 007 | tu | ||
| 008 | 090811s2009 xx |||| | u00||u|cze c | ||
| 020 | |a 9788070505687 | ||
| 035 | |a (DE-599)HEB21466838X | ||
| 035 | |a (OCoLC)610093897 | ||
| 040 | |a DE-603 |b ger |c DE-603 |d DE-603 | ||
| 041 | |a cze | ||
| 082 | 0 | 4 | |8 1\u |a 020.94371 |q DE-101 |2 23/BSB |
| 083 | 0 | |8 2\u |a 002.094371 |q DE-101 |2 23/BSB | |
| 083 | 0 | |8 3\u |a 200.943710902 |q DE-101 |2 23/BSB | |
| 083 | 0 | |8 4\u |a 306.0943710902 |q DE-101 |2 23/BSB | |
| 084 | |a NM 9600 |0 (DE-625)126497: |0 (DE-603)410894664 |2 rvk | ||
| 084 | |a AM 71600 |0 (DE-625)4465: |0 (DE-603)407203060 |2 rvk | ||
| 085 | |8 1\u |b 020 | ||
| 085 | |8 1\u |z 2 |s 4371 | ||
| 085 | |8 2\u |b 002.09 | ||
| 085 | |8 2\u |z 2 |s 4371 | ||
| 085 | |8 3\u |b 200.9 | ||
| 085 | |8 3\u |z 1 |s 0902 | ||
| 085 | |8 3\u |z 2 |s 4371 | ||
| 085 | |8 4\u |b 306.09 | ||
| 085 | |8 4\u |z 1 |s 0902 | ||
| 085 | |8 4\u |z 1 |s 09031 | ||
| 085 | |8 4\u |z 1 |s 09032 | ||
| 085 | |8 4\u |z 2 |s 4371 | ||
| 245 | 0 | 0 | |a Law and Scripture |b manuscripts of the Czech reformation on the 14th - 16th centuries ; [exhibition catalogue] |c National Library of the Czech Republic. Renáta Modráková and Zdeněk Uhlíř |
| 250 | |a 1st ed. | ||
| 264 | 1 | |a Prague |c 2009 | |
| 300 | |a 81 S. |b zahlr. Ill. | ||
| 546 | |a Aus dem Tschech. übers. | ||
| 610 | 1 | 7 | |a Galerie Klementinum |2 gnd |0 (DE-588)10146900-7 |0 (DE-603)181073048 |
| 650 | 7 | |a Geschichte |0 (DE-588)4020517-4 |0 (DE-603)085049352 |2 gnd | |
| 650 | 7 | |a Kulturwissenschaften |0 (DE-588)4033597-5 |0 (DE-603)085089753 |2 gnd | |
| 650 | 7 | |a Reformation |0 (DE-588)4048946-2 |0 (DE-603)085136344 |2 gnd | |
| 650 | 7 | |a Buchwissenschaft |0 (DE-588)4146819-3 |0 (DE-603)085590282 |2 gnd | |
| 650 | 7 | |a Handschrift |0 (DE-588)4023287-6 |0 (DE-603)085057509 |2 gnd | |
| 650 | 7 | |a Hussiten |0 (DE-588)4137460-5 |0 (DE-603)08551540X |2 gnd | |
| 650 | 7 | |a Utraquisten |0 (DE-588)4756291-2 |0 (DE-603)115226184 |2 gnd | |
| 650 | 7 | |a Böhmische Brüder |0 (DE-588)4007473-0 |0 (DE-603)085012203 |2 gnd | |
| 650 | 7 | |a Schrifttum |0 (DE-588)4255550-4 |0 (DE-603)086355872 |2 gnd | |
| 651 | 7 | |a Böhmen |0 (DE-588)4007467-5 |0 (DE-603)085012173 |2 gnd | |
| 651 | 7 | |a Prag |0 (DE-588)4076310-9 |0 (DE-603)085216283 |2 gnd | |
| 651 | 7 | |a Böhmische Länder |0 (DE-588)4069573-6 |0 (DE-603)085195553 |2 gnd | |
| 655 | 7 | |a Ausstellungskatalog |2 gnd-content |0 (DE-588)4135467-9 |0 (DE-603)085499846 | |
| 700 | 1 | |a Modráková, Renáta |d 1978- |0 (DE-603)399834141 |0 (DE-588)1125954906 |2 gnd | |
| 700 | 1 | |a Uhlíř, Zdeněk |d 1956- |0 (DE-603)361068255 |0 (DE-588)1073187470 |2 gnd | |
| 710 | 2 | |a Národní knihovna České republiky |0 (DE-603)053355121 |0 (DE-588)5245820-9 |2 gnd | |
| 856 | 4 | 2 | |m V:DE-603;B:DE-Mb50 |q application/pdf |u http://scans.hebis.de/HEBCGI/show.pl?21466838_toc.pdf |3 Inhaltsverzeichnis |
| 924 | 0 | |9 Mb 50 |a (DE-603)580459446 |b DE-Mb50 |c HES |d c |g 09.5049 | |
| 924 | 0 | |9 2080 |a (DE-603)793021693 |b DE-2080 |c HES |d d |g / | |


